00414 a2200145 4500003000400000005001700004008004100021020001800062040000900080082001500089100002600104245009600130260003300226300000900259OSt20240823105318.0231018b |||||||| |||| 00| 0 eng d a9789933100308 coclc a297bNAB/A aShaheen,abdul sabboor aAl-zahirah al-quraniyah = Problems of civilisation The quranic phenomenon /cMalik bin nabi aDimashq:bDarul fikr,c2015. a311p